Wszystkie miejscowości gminy Wejherowo - Statystyki

Ogólne statystyki
  • Ten quiz został rozwiązany 22 razy
  • Średni wynik to 6 z 19
Statystyki odpowiedzi
Hint Odpowiedź % Poprawnych
W Wejherowo
83%
G Gowino
72%
B Bolszewo
67%
G Gościcino
61%
K Kąpino
50%
O Orle
44%
S Sopieszyno
33%
G Gniewowo
28%
G Góra
28%
P Pętkowice
28%
U Ustarbowo
22%
Z Zbychowo
22%
B Bieszkowice
17%
K Kniewo
17%
N Nowy Dwór Wejherowski
17%
Z Zamostne
17%
Ł Łężyce
11%
R Reszki
6%
W Warszkowo
6%
Nie znaleziono quizów pasujących do podanych kryteriów
Rozkład punktacji
Procent ludzi z każdym wynikiem
Percentyl według liczby udzielonych odpowiedzi
Twoja historia wyników
Nie rozwiązałeś tego quizu